[Event "Titled Tuesday intern op 30th Jul Early"]
[Site "Chess.com INT"]
[Date "2024.07.30"]
[Round "9"]
[White "Alhadad, Mahmoud"]
[Black "Kleibel, Uwe"]
[Result "1-0"]
[WhiteElo "1904"]
[BlackElo "2301"]
[PlyCount "45"]
[EventDate "2024.07.30"]
[EventType "swiss (blitz)"]
[EventRounds "11"]
[EventCountry "USA"]
[SourceTitle "EXT 2025"]
[Source "ChessBase"]
[SourceDate "2024.10.14"]
[SourceVersion "1"]
[SourceVersionDate "2024.10.14"]
[SourceQuality "1"]

1. e4 c5 2. Nc3 Nc6 3. Bb5 g6 4. Bxc6 dxc6 5. d3 Qc7 6. f4 e5 7. Nf3 exf4 8. 0-0 h6 9. h4 Be7 10. Qe1 g5 11. e5 Bf5 12. Ne4 0-0-0 13. hxg5 Bxe4 14. Qxe4 hxg5 15. Nxg5 Bxg5 16. Qf5+ Kb8 17. Qxg5 Ne7 18. Bxf4 Rdg8 19. Qxg8+ Rxg8 20. e6 fxe6 21. Bxc7+ Kxc7 22. Rae1 Kd6 23. Rf6 1-0

[Event "Titled Tuesday intern op 30th Jul Early"]
[Site "Chess.com INT"]
[Date "2024.07.30"]
[Round "10"]
[White "Pahomov, Ruslan"]
[Black "Alhadad, Mahmoud"]
[Result "1-0"]
[WhiteElo "2191"]
[BlackElo "1904"]
[PlyCount "75"]
[EventDate "2024.07.30"]
[EventType "swiss (blitz)"]
[EventRounds "11"]
[EventCountry "USA"]
[SourceTitle "EXT 2025"]
[Source "ChessBase"]
[SourceDate "2024.10.14"]
[SourceVersion "1"]
[SourceVersionDate "2024.10.14"]
[SourceQuality "1"]

1. e4 d5 2. exd5 Nf6 3. d4 Bg4 4. f3 Bf5 5. Bd3 Bxd3 6. Qxd3 Qxd5 7. Ne2 Nc6 8. 0-0 0-0-0 9. c4 Qd7 10. Be3 e5 11. d5 Nb4 12. Qb3 Na6 13. Kh1 Bc5 14. Bd2 h5 15. Nbc3 h4 16. Ne4 Nxe4 17. fxe4 f6 18. Qf3 Kb8 19. a3 Rdf8 20. b4 Bd4 21. Nxd4 exd4 22. Qd3 c5 23. dxc6 bxc6 24. c5 Nc7 25. Bf4 g5 26. Bd6 g4 27. Qxd4 g3 28. h3 Re8 29. Rxf6 Ka8 30. Raf1 Nb5 31. Qd3 Rh7 32. e5 Rg7 33. Qf5 Qb7 34. e6 Qa6 35. Rf8 Rg8 36. Rxg8 Rxg8 37. Qf8+ Qc8 38. e7 1-0

[Event "Titled Tuesday intern op 30th Apr Early"]
[Site "Chess.com INT"]
[Date "2024.04.30"]
[Round "1"]
[White "Alhadad, Mahmoud"]
[Black "Weishaeutel, Moritz"]
[Result "0-1"]
[WhiteElo "1904"]
[BlackElo "2379"]
[PlyCount "100"]
[EventDate "2024.04.30"]
[EventType "swiss (blitz)"]
[EventRounds "11"]
[EventCountry "USA"]
[SourceTitle "CBM 220 Extra"]
[Source "ChessBase"]
[SourceDate "2024.07.31"]
[SourceVersion "1"]
[SourceVersionDate "2024.07.31"]
[SourceQuality "1"]

1. e4 d5 2. exd5 Qxd5 3. Nc3 Qa5 4. b4 Qxb4 5. Rb1 Qd6 6. g3 Nf6 7. Bg2 c6 8. Nge2 g6 9. 0-0 Bg7 10. d4 0-0 11. Bf4 Qd8 12. h3 Nbd7 13. g4 Nb6 14. Bh2 h5 15. g5 Nfd5 16. Nxd5 Nxd5 17. c4 Nb6 18. Rc1 Be6 19. Qd3 Qd7 20. Rfd1 Rfd8 21. h4 Bf5 22. Be4 Bxe4 23. Qxe4 Nc8 24. Kg2 Nd6 25. Bxd6 Qxd6 26. d5 cxd5 27. Rxd5 Qa3 28. Rcd1 Rxd5 29. Rxd5 e6 30. Rd7 Qxa2 31. Nf4 Qa6 32. Rxf7 Qc6 33. Qxc6 bxc6 34. Re7 a5 35. Nxe6 Bc3 36. Nc7 Ra7 37. Nd5 Rxe7 38. Nxe7+ Kf7 39. Nxc6 a4 40. Na7 a3 41. Nb5 a2 42. Nxc3 a1Q 43. Ne4 Qd4 44. Ng3 Qxc4 45. Nf1 Qg4+ 46. Ng3 Qxh4 47. f3 Qxg5 48. Kh3 Qf4 49. Kh2 h4 50. Kh3 Qxg3# 0-1

[Event "Titled Tuesday intern op 30th Apr Early"]
[Site "Chess.com INT"]
[Date "2024.04.30"]
[Round "3"]
[White "Goldin, Alexander"]
[Black "Alhadad, Mahmoud"]
[Result "1-0"]
[WhiteElo "2542"]
[BlackElo "1904"]
[PlyCount "89"]
[EventDate "2024.04.30"]
[EventType "swiss (blitz)"]
[EventRounds "11"]
[EventCountry "USA"]
[SourceTitle "CBM 220 Extra"]
[Source "ChessBase"]
[SourceDate "2024.07.31"]
[SourceVersion "1"]
[SourceVersionDate "2024.07.31"]
[SourceQuality "1"]

1. Nf3 d5 2. g3 Nc6 3. d4 Bg4 4. Bg2 Nf6 5. h3 Bxf3 6. exf3 e5 7. dxe5 Nxe5 8. f4 Ng6 9. 0-0 Be7 10. c4 c6 11. cxd5 Nxd5 12. Bxd5 Qxd5 13. Qxd5 cxd5 14. Nc3 0-0-0 15. Nb5 Bc5 16. Bd2 a6 17. Rac1 b6 18. b4 axb5 19. bxc5 Kb7 20. c6+ Kc7 21. Bb4 Rhe8 22. Rfd1 f5 23. Bc3 Re6 24. Bxg7 Rxc6 25. Rxc6+ Kxc6 26. Rc1+ Kb7 27. Kg2 Ra8 28. Rc2 Ne7 29. g4 fxg4 30. hxg4 Nc6 31. f5 d4 32. Rd2 Rd8 33. f4 Kc7 34. f6 Rd7 35. Kf3 Kd8 36. g5 Ke8 37. f5 Kf7 38. Kf4 d3 39. Kg4 Ne5+ 40. Kh5 Nc4 41. g6+ hxg6+ 42. fxg6+ Kg8 43. Rf2 Ne5 44. Bh6 d2 45. f7+ 1-0

[Event "Titled Tuesday intern op 30th Apr Early"]
[Site "Chess.com INT"]
[Date "2024.04.30"]
[Round "8"]
[White "Vila Dupla, Aurelio"]
[Black "Alhadad, Mahmoud"]
[Result "1-0"]
[WhiteElo "2042"]
[BlackElo "1904"]
[PlyCount "89"]
[EventDate "2024.04.30"]
[EventType "swiss (blitz)"]
[EventRounds "11"]
[EventCountry "USA"]
[SourceTitle "CBM 220 Extra"]
[Source "ChessBase"]
[SourceDate "2024.07.31"]
[SourceVersion "1"]
[SourceVersionDate "2024.07.31"]
[SourceQuality "1"]

1. Nf3 d5 2. d4 Nc6 3. c4 Bg4 4. cxd5 Bxf3 5. gxf3 Qxd5 6. e3 e5 7. Nc3 Bb4 8. Bd2 Bxc3 9. bxc3 Qd6 10. Rb1 b6 11. Bg2 Nge7 12. 0-0 0-0 13. f4 exf4 14. e4 Rad8 15. Qf3 Na5 16. Bxf4 Qd7 17. Qg3 Ng6 18. Bxc7 Rc8 19. Bd6 Rfd8 20. Bb4 Qa4 21. e5 Nc4 22. e6 fxe6 23. Be4 Nd2 24. Bxg6 hxg6 25. Qxg6 Qe8 26. Qg3 Nxf1 27. Rxf1 a5 28. Ba3 Qa4 29. Be7 Rd7 30. Bf6 Qxa2 31. Be5 Qc2 32. d5 exd5 33. Re1 Qf5 34. Bd4 Rf8 35. Re5 Qb1+ 36. Kg2 Qh7 37. Rg5 Rdf7 38. h4 Qh6 39. h5 Kh7 40. Rg6 Qxh5 41. Rxg7+ Kh6 42. Rg6+ Kh7 43. Rg7+ Kh6 44. Be3+ Qg5 45. Qxg5# 1-0

[Event "Titled Tuesday intern op 16th Jan Early"]
[Site "Chess.com INT"]
[Date "2024.01.16"]
[Round "1"]
[White "Nazari, Arad"]
[Black "Alhadad, Mahmoud"]
[Result "0-1"]
[WhiteElo "2375"]
[BlackElo "1840"]
[PlyCount "94"]
[EventDate "2024.01.16"]
[EventType "swiss (blitz)"]
[EventRounds "11"]
[EventCountry "USA"]
[SourceTitle "CBM 218 Extra"]
[Source "ChessBase"]
[SourceDate "2024.03.31"]
[SourceVersion "1"]
[SourceVersionDate "2024.03.31"]
[SourceQuality "1"]

1. e4 d5 2. exd5 Nf6 3. d4 Bg4 4. f3 Bf5 5. c4 e6 6. dxe6 Nc6 7. exf7+ Kxf7 8. Be3 Bb4+ 9. Kf2 Re8 10. Nc3 Rxe3 11. Kxe3 Bc2 12. Qd2 Ng4+ 13. Kf4 Qh4 14. fxg4 Bd6+ 15. Kf3 Qf6+ 16. Ke2 Re8+ 17. Qe3 Rxe3+ 18. Kxe3 Qf4+ 19. Ke2 Nxd4+ 20. Ke1 Qe3+ 21. Nge2 Bb4 22. c5 Nxe2 23. Bxe2 Bxc3+ 24. bxc3 Bd3 25. Rf1+ Kg6 26. Rf2 Bxe2 27. Rxe2 Qxc3+ 28. Kf2 Qxa1 29. h3 Qd4+ 30. Kf3 Qxc5 31. h4 Qd5+ 32. Kf4 Qd4+ 33. Re4 Qd2+ 34. Kg3 Qxa2 35. Rf4 Qb3+ 36. Rf3 Qxf3+ 37. gxf3 a5 38. Kf4 a4 39. Ke5 b5 40. Ke6 h6 41. f4 a3 42. f5+ Kh7 43. g5 hxg5 44. hxg5 a2 45. Kf7 a1Q 46. f6 Qa2+ 47. Kf8 gxf6 0-1

[Event "Titled Tuesday intern op 21st Nov Early"]
[Site "Chess.com INT"]
[Date "2023.11.21"]
[Round "4"]
[White "Pinero Rodriguez, Carlos Jose"]
[Black "Alhadad, Mahmoud"]
[Result "1-0"]
[WhiteElo "2242"]
[BlackElo "1840"]
[PlyCount "129"]
[EventDate "2023.11.21"]
[EventType "swiss (blitz)"]
[EventRounds "11"]
[EventCountry "USA"]
[SourceTitle "EXT 2025"]
[Source "ChessBase"]
[SourceDate "2024.10.14"]
[SourceVersion "1"]
[SourceVersionDate "2024.10.14"]
[SourceQuality "1"]

1. e4 d5 2. e5 c5 3. g3 Nc6 4. f4 Bf5 5. Bg2 e6 6. d3 h5 7. Nf3 f6 8. exf6 Nxf6 9. h3 Qb6 10. 0-0 c4+ 11. d4 Ne4 12. Kh2 Bd6 13. c3 0-0-0 14. Ne5 g5 15. Nf7 Bb8 16. Nxh8 Rxh8 17. Nd2 h4 18. Nxe4 dxe4 19. g4 gxf4 20. Bxf4 Bxf4+ 21. Rxf4 Qc7 22. Qd2 Bg6 23. Raf1 e5 24. dxe5 Nxe5 25. Kh1 Rd8 26. Qe3 Rd3 27. Qxa7 Nf3 28. Rf8+ Kd7 29. Bxf3 exf3 30. Qa8 Qg3 31. Qd8+ Kc6 32. Qb8 Qxh3+ 33. Qh2 Qg2+ 34. Qxg2 fxg2+ 35. Kxg2 Be4+ 36. Kh2 h3 37. R8f6+ Kc7 38. R6f4 Rd2+ 39. R1f2 Rxf2+ 40. Rxf2 Bd3 41. Kxh3 Kd6 42. Kg3 Ke7 43. Rf5 Bb1 44. Rb5 Bxa2 45. Rxb7+ Kd6 46. Rb5 Kc6 47. Rf5 Bb1 48. Kf4 Bxf5 49. Kxf5 Kb5 50. Kf6 Ka4 51. g5 Kb3 52. g6 Kxb2 53. g7 Kxc3 54. g8Q Kb3 55. Qb8+ Kc2 56. Qh2+ Kb3 57. Qd2 c3 58. Qc1 c2 59. Ke5 Kc3 60. Ke4 Kb3 61. Kd3 Ka2 62. Qxc2+ Ka1 63. Qg2 Kb1 64. Kc3 Kc1 65. Qg1# 1-0

[Event "Titled Tuesday intern op 23rd May Early"]
[Site "Chess.com INT"]
[Date "2023.05.23"]
[Round "1"]
[White "Ahmad, Khagan"]
[Black "Alhadad, Mahmoud"]
[Result "1-0"]
[WhiteElo "2321"]
[BlackElo "1840"]
[PlyCount "105"]
[EventDate "2023.05.23"]
[EventType "swiss (blitz)"]
[EventRounds "11"]
[EventCountry "USA"]
[SourceTitle "CBM 214 Extra"]
[Source "ChessBase"]
[SourceDate "2023.07.31"]
[SourceVersion "1"]
[SourceVersionDate "2023.07.31"]
[SourceQuality "1"]

1. c4 e5 2. Nc3 Nc6 3. e3 f5 4. d4 d6 5. Nf3 e4 6. Nd2 Nf6 7. b3 g6 8. Bb2 Bg7 9. Be2 0-0 10. 0-0 Ne7 11. f3 exf3 12. Bxf3 Rb8 13. e4 fxe4 14. Ndxe4 Nxe4 15. Nxe4 b6 16. Qe2 Nf5 17. Rad1 Bb7 18. Rfe1 Bxe4 19. Bxe4 Qh4 20. Bxf5 Rxf5 21. d5 Bxb2 22. Qxb2 Rbf8 23. Re2 Qf4 24. h3 a5 25. Re7 Qf2+ 26. Qxf2 Rxf2 27. Rxc7 Rxa2 28. Re1 Rff2 29. Re8+ Rf8 30. Rxf8+ Kxf8 31. Rc6 Rb2 32. Rxb6 a4 33. Rxd6 axb3 34. Rb6 Rc2 35. d6 Rxc4 36. Rb8+ Kf7 37. d7 b2 38. d8Q Rc1+ 39. Kh2 b1Q 40. Rxb1 Rxb1 41. Qd7+ Kf6 42. Qxh7 Kg5 43. Qe7+ Kh6 44. g4 Rb2+ 45. Kg3 Rb3+ 46. Kh4 Rb5 47. g5+ Rxg5 48. Qxg5+ Kh7 49. Qf6 Kg8 50. Kg5 Kh7 51. Qe7+ Kh8 52. Kxg6 Kg8 53. Qd8# 1-0

[Event "Titled Tuesday intern op 23rd May Early"]
[Site "Chess.com INT"]
[Date "2023.05.23"]
[Round "6"]
[White "Alhadad, Mahmoud"]
[Black "Yarullina, Alina"]
[Result "0-1"]
[WhiteElo "1840"]
[BlackElo "2084"]
[PlyCount "72"]
[EventDate "2023.05.23"]
[EventType "swiss (blitz)"]
[EventRounds "11"]
[EventCountry "USA"]
[SourceTitle "CBM 214 Extra"]
[Source "ChessBase"]
[SourceDate "2023.07.31"]
[SourceVersion "1"]
[SourceVersionDate "2023.07.31"]
[SourceQuality "1"]

1. e4 e5 2. d4 exd4 3. Bc4 Nc6 4. Nf3 Be7 5. c3 dxc3 6. Qb3 Na5 7. Bxf7+ Kf8 8. Qa4 Kxf7 9. Qxa5 d6 10. Nxc3 Be6 11. Ng5+ Bxg5 12. Bxg5 Qd7 13. 0-0 h6 14. Bh4 g5 15. Bg3 Nf6 16. f4 b6 17. Qa6 Kg7 18. f5 Bf7 19. e5 dxe5 20. Bxe5 Qc6 21. Rae1 Rhe8 22. Kh1 Bc4 23. Bxf6+ Kxf6 24. Qa3 Bxf1 25. Rxf1 Re5 26. Qb4 a5 27. Qg4 Rf8 28. Qh5 Kg7 29. h4 Rexf5 30. Re1 Rf1+ 31. Rxf1 Rxf1+ 32. Kh2 Qd6+ 33. Kh3 Qd3+ 34. Kh2 Qe3 35. hxg5 Qf4+ 36. Kh3 Rh1# 0-1

[Event "Titled Tuesday intern op 23rd May Early"]
[Site "Chess.com INT"]
[Date "2023.05.23"]
[Round "4"]
[White "Alhadad, Mahmoud"]
[Black "Ynojosa Aponte, Felix Jose"]
[Result "0-1"]
[WhiteElo "1840"]
[BlackElo "2398"]
[PlyCount "108"]
[EventDate "2023.05.23"]
[EventType "swiss (blitz)"]
[EventRounds "11"]
[EventCountry "USA"]
[SourceTitle "CBM 214 Extra"]
[Source "ChessBase"]
[SourceDate "2023.07.31"]
[SourceVersion "1"]
[SourceVersionDate "2023.07.31"]
[SourceQuality "1"]

1. e4 c5 2. Nc3 Nc6 3. Bb5 e6 4. Bxc6 bxc6 5. d3 d5 6. f4 Ne7 7. Nf3 Ng6 8. 0-0 Bd6 9. e5 Bc7 10. Na4 Qd7 11. Nxc5 Qe7 12. d4 0-0 13. b4 f6 14. c3 a5 15. Be3 axb4 16. cxb4 Ba6 17. Rf2 Bb6 18. a4 Bxc5 19. dxc5 fxe5 20. fxe5 Rf5 21. Qd4 Raf8 22. Rb2 Rxf3 23. gxf3 Nh4 24. Kh1 Nxf3 25. Qg4 Bd3 26. h4 Be4 27. Rg2 Qxh4+ 28. Qxh4 Nxh4 29. Rag1 Ra8 30. a5 Rb8 31. Bd2 Nxg2 32. Rxg2 Kf7 33. Kh2 Bxg2 34. Kxg2 Kg6 35. Kf3 Kf5 36. Bc3 g5 37. Be1 h5 38. Ke2 h4 39. Kd3 h3 40. a6 h2 41. a7 Ra8 42. b5 h1Q 43. b6 Qe4+ 44. Kd2 Qxe5 45. b7 Qb2+ 46. Kd3 Qxb7 47. Bc3 Rxa7 48. Kd4 Ra4+ 49. Kd3 Qb5+ 50. Kc2 Qc4 51. Kb1 Ra2 52. Bb2 Qb3 53. Kc1 Qxb2+ 54. Kd1 Ra1# 0-1

[Event "Titled Tuesday intern op 23rd May Early"]
[Site "Chess.com INT"]
[Date "2023.05.23"]
[Round "10"]
[White "Petrova, Irina"]
[Black "Alhadad, Mahmoud"]
[Result "1-0"]
[WhiteElo "2108"]
[BlackElo "1840"]
[PlyCount "89"]
[EventDate "2023.05.23"]
[EventType "swiss (blitz)"]
[EventRounds "11"]
[EventCountry "USA"]
[SourceTitle "CBM 214 Extra"]
[Source "ChessBase"]
[SourceDate "2023.07.31"]
[SourceVersion "1"]
[SourceVersionDate "2023.07.31"]
[SourceQuality "1"]

1. e4 d5 2. exd5 Nf6 3. Nc3 Nxd5 4. Nf3 Nxc3 5. bxc3 Bg4 6. Be2 e6 7. 0-0 Bd6 8. h3 Bh5 9. Rb1 b6 10. d3 0-0 11. Nd4 Bxe2 12. Qxe2 c5 13. Nf3 Nc6 14. Bg5 Qc8 15. Rfe1 Qa6 16. Qe4 Ne7 17. Bxe7 Bxe7 18. a4 Rac8 19. Ne5 Rc7 20. Qf4 Bd6 21. Qc4 Qc8 22. Nf3 a6 23. Re4 Rb7 24. Rg4 Qc6 25. Qxa6 h5 26. Re4 f5 27. Re2 g5 28. Rxe6 g4 29. hxg4 hxg4 30. Qc4 Kh8 31. Ne5 Rh7 32. Nxc6 Bh2+ 33. Kf1 Bc7 34. Ke2 f4 35. Re7 f3+ 36. gxf3 gxf3+ 37. Ke3 Bf4+ 38. Ke4 Rxe7+ 39. Nxe7 Re8 40. Kxf4 Kg7 41. Rg1+ Kf6 42. Nd5+ Ke6 43. Rg6+ Kd7 44. Qb5+ Kc8 45. Rc6+ 1-0

[Event "Titled Tuesday intern op 09th May Early"]
[Site "Chess.com INT"]
[Date "2023.05.09"]
[Round "4"]
[White "Alhadad, Mahmoud"]
[Black "Aketayeva, Dana"]
[Result "0-1"]
[WhiteElo "1840"]
[BlackElo "2130"]
[PlyCount "72"]
[EventDate "2023.05.09"]
[EventType "swiss (blitz)"]
[EventRounds "11"]
[EventCountry "USA"]
[SourceTitle "CBM 214 Extra"]
[Source "ChessBase"]
[SourceDate "2023.07.31"]
[SourceVersion "1"]
[SourceVersionDate "2023.07.31"]
[SourceQuality "1"]

1. e4 c5 2. Nc3 Nc6 3. Bb5 g6 4. Bxc6 dxc6 5. d3 Bg7 6. f4 Nf6 7. Nf3 Bg4 8. 0-0 0-0 9. Qe1 c4 10. h3 Bxf3 11. Rxf3 cxd3 12. Rxd3 Qb6+ 13. Kh1 Rad8 14. Qe3 Rxd3 15. Qxb6 Rxh3+ 16. gxh3 axb6 17. Be3 b5 18. e5 Nd5 19. Nxd5 cxd5 20. Bc5 Rc8 21. b4 e6 22. c3 Bf8 23. Bxf8 Kxf8 24. Rc1 Rc4 25. Kg2 Rxf4 26. Ra1 Rc4 27. a4 bxa4 28. Rxa4 Rxc3 29. Ra8+ Kg7 30. Rb8 Rc7 31. b5 f6 32. b6 Rd7 33. exf6+ Kxf6 34. Rc8 Ke7 35. Rh8 Kd6 36. Kf3 Kc6 0-1

[Event "Titled Tuesday intern op 09th May Early"]
[Site "Chess.com INT"]
[Date "2023.05.09"]
[Round "3"]
[White "Korelskiy, Egor"]
[Black "Alhadad, Mahmoud"]
[Result "1-0"]
[WhiteElo "2096"]
[BlackElo "1840"]
[PlyCount "57"]
[EventDate "2023.05.09"]
[EventType "swiss (blitz)"]
[EventRounds "11"]
[EventCountry "USA"]
[SourceTitle "CBM 214 Extra"]
[Source "ChessBase"]
[SourceDate "2023.07.31"]
[SourceVersion "1"]
[SourceVersionDate "2023.07.31"]
[SourceQuality "1"]

1. e4 d5 2. exd5 Nf6 3. Nc3 Nxd5 4. Bc4 Nb6 5. Bb3 c5 6. d3 Nc6 7. Nf3 Bf5 8. 0-0 e6 9. Be3 Be7 10. h3 0-0 11. a3 Nd4 12. Bxd4 cxd4 13. Ne2 Bf6 14. Ng3 Bg6 15. Re1 a5 16. a4 Rc8 17. Qd2 Nd5 18. Ne4 Nb4 19. Rac1 Bh5 20. Nxf6+ Qxf6 21. Ne5 Rfd8 22. Nc4 Rc5 23. f4 Rdd5 24. Nxa5 Rf5 25. Qxb4 Rxa5 26. Qxb7 h6 27. Rf1 Rxf4 28. Qb8+ Kh7 29. Qxf4 1-0

[Event "Titled Tuesday intern op 28th Feb Early"]
[Site "Chess.com INT"]
[Date "2023.02.28"]
[Round "3"]
[White "Ezat, Mohamed Mahmoud"]
[Black "Alhadad, Mahmoud"]
[Result "1-0"]
[WhiteElo "2400"]
[BlackElo "1840"]
[PlyCount "43"]
[EventDate "2023.02.28"]
[EventType "swiss (blitz)"]
[EventRounds "11"]
[EventCountry "USA"]
[SourceTitle "CBM 213 Extra"]
[Source "ChessBase"]
[SourceDate "2023.05.31"]
[SourceVersion "1"]
[SourceVersionDate "2023.05.31"]
[SourceQuality "1"]

1. d4 d5 2. c4 Nc6 3. cxd5 Qxd5 4. e3 e5 5. Nc3 Bb4 6. Bd2 Bxc3 7. Bxc3 exd4 8. Ne2 Nf6 9. Nxd4 0-0 10. Nb5 Qg5 11. h4 Qg6 12. Nxc7 Bg4 13. Qb3 Rad8 14. Bc4 Ne4 15. Nd5 Nxc3 16. Qxc3 Rfe8 17. h5 Bxh5 18. Nf4 Qg4 19. Nxh5 Ne5 20. Bf1 Rc8 21. Qb3 Qe4 22. Nf4 1-0

[Event "Titled Tuesday intern op 28th Feb Early"]
[Site "Chess.com INT"]
[Date "2023.02.28"]
[Round "6"]
[White "Ljukin, Sergei"]
[Black "Alhadad, Mahmoud"]
[Result "1-0"]
[WhiteElo "2362"]
[BlackElo "1840"]
[PlyCount "49"]
[EventDate "2023.02.28"]
[EventType "swiss (blitz)"]
[EventRounds "11"]
[EventCountry "USA"]
[SourceTitle "CBM 213 Extra"]
[Source "ChessBase"]
[SourceDate "2023.05.31"]
[SourceVersion "1"]
[SourceVersionDate "2023.05.31"]
[SourceQuality "1"]

1. e4 d5 2. exd5 Nf6 3. d4 Bg4 4. Bb5+ Nbd7 5. Be2 Bxe2 6. Qxe2 Nxd5 7. c4 N5b6 8. Nf3 Nf6 9. 0-0 e6 10. Nc3 Be7 11. Bf4 0-0 12. Rad1 c6 13. b3 a5 14. h3 a4 15. Rb1 axb3 16. Rxb3 Na4 17. Nxa4 Rxa4 18. Rxb7 Bd6 19. Ne5 Qa8 20. Rfb1 Rxa2 21. Qf3 c5 22. Nd7 Nxd7 23. Bxd6 cxd4 24. Bxf8 Nxf8 25. Qxf7+ 1-0

[Event "Titled Tuesday intern op 21st Feb Early"]
[Site "Chess.com INT"]
[Date "2023.02.21"]
[Round "1"]
[White "Alhadad, Mahmoud"]
[Black "Jakubowski, Krzysztof"]
[Result "0-1"]
[WhiteElo "1840"]
[BlackElo "2475"]
[PlyCount "66"]
[EventDate "2023.02.21"]
[EventType "swiss (blitz)"]
[EventRounds "11"]
[EventCountry "USA"]
[SourceTitle "CBM 212 Extra"]
[Source "ChessBase"]
[SourceDate "2023.03.31"]
[SourceVersion "1"]
[SourceVersionDate "2023.03.31"]
[SourceQuality "1"]

1. e4 c5 2. Nc3 e6 3. f4 Nc6 4. Nf3 d5 5. Bb5 Nge7 6. 0-0 d4 7. Ne2 a6 8. Bxc6+ Nxc6 9. d3 Be7 10. Ng3 g6 11. a3 h5 12. h3 h4 13. Nh1 b6 14. Nf2 f5 15. Ng5 Qd6 16. Bd2 a5 17. Qf3 Bd7 18. b4 cxb4 19. axb4 Nxb4 20. Bxb4 Qxb4 21. exf5 Rc8 22. fxe6 Bc6 23. Nfe4 0-0 24. Qg4 Kg7 25. Nf7 Bxe4 26. dxe4 Qd2 27. f5 g5 28. f6+ Bxf6 29. Rxf6 Kxf6 30. Qxg5+ Qxg5 31. Rf1+ Kg6 32. Nxg5 Rxf1+ 33. Kxf1 Kxg5 0-1

[Event "Titled Tuesday intern op 07th Feb Early"]
[Site "Chess.com INT"]
[Date "2023.02.07"]
[Round "6"]
[White "Alhadad, Mahmoud"]
[Black "Begunov, Konstantin"]
[Result "1-0"]
[WhiteElo "1840"]
[BlackElo "2325"]
[PlyCount "63"]
[EventDate "2023.02.07"]
[EventType "swiss (blitz)"]
[EventRounds "11"]
[EventCountry "USA"]
[SourceTitle "EXT 2024"]
[Source "ChessBase"]
[SourceDate "2023.10.10"]
[SourceVersion "1"]
[SourceVersionDate "2023.10.10"]
[SourceQuality "1"]

1. e4 c5 2. Nc3 d6 3. f4 g6 4. Nf3 Bg7 5. Bc4 Nc6 6. 0-0 Nf6 7. d3 0-0 8. Qe1 Nd4 9. Nxd4 cxd4 10. Ne2 Nd7 11. Qf2 Qb6 12. a4 a5 13. b3 e6 14. Bb2 e5 15. f5 Nf6 16. fxg6 hxg6 17. Qh4 Qd8 18. Bc1 Be6 19. Bg5 d5 20. exd5 Bf5 21. Ng3 Qd6 22. Nxf5 gxf5 23. Rxf5 Nh7 24. Raf1 Qg6 25. R1f3 f6 26. Bd2 Rad8 27. d6+ Kh8 28. Rh5 Rxd6 29. Rg3 Qxh5 30. Qxh5 f5 31. Rh3 Rh6 32. Bxh6 1-0

[Event "Titled Tuesday intern op 07th Feb Early"]
[Site "Chess.com INT"]
[Date "2023.02.07"]
[Round "1"]
[White "Alhadad, Mahmoud"]
[Black "Mohamed, Anees M"]
[Result "0-1"]
[WhiteElo "1840"]
[BlackElo "2259"]
[PlyCount "76"]
[EventDate "2023.02.07"]
[EventType "swiss (blitz)"]
[EventRounds "11"]
[EventCountry "USA"]
[SourceTitle "EXT 2024"]
[Source "ChessBase"]
[SourceDate "2023.10.10"]
[SourceVersion "1"]
[SourceVersionDate "2023.10.10"]
[SourceQuality "1"]

1. e4 d6 2. d4 Nf6 3. Nc3 g6 4. f3 Bg7 5. Be3 0-0 6. Qd2 e5 7. d5 c6 8. Bc4 b5 9. Bb3 b4 10. Na4 a5 11. Rd1 cxd5 12. Bxd5 Nxd5 13. Qxd5 Ra6 14. Ne2 Be6 15. Qd3 Rc6 16. 0-0 Qc7 17. Rf2 Bc4 18. Qd2 Bb5 19. b3 Rxc2 20. Qxd6 Qxd6 21. Rxd6 Rxe2 22. Rxe2 Bxe2 23. Bb6 Rc8 24. Bxa5 Bf8 25. Rb6 Nc6 26. Rb7 Nxa5 27. Ra7 Nc6 28. Kf2 Bb5 29. Rd7 Nd4 30. Rd5 Bxa4 31. bxa4 Rc2+ 32. Kg3 Rxa2 33. h4 b3 34. h5 b2 35. hxg6 hxg6 36. Kg4 b1Q 37. Rxe5 Rxg2+ 38. Kf4 Qc1# 0-1

[Event "Titled Tuesday intern op 07th Feb Early"]
[Site "Chess.com INT"]
[Date "2023.02.07"]
[Round "10"]
[White "Bozorov, Makhsum"]
[Black "Alhadad, Mahmoud"]
[Result "1-0"]
[WhiteElo "2145"]
[BlackElo "1840"]
[PlyCount "109"]
[EventDate "2023.02.07"]
[EventType "swiss (blitz)"]
[EventRounds "11"]
[EventCountry "USA"]
[SourceTitle "EXT 2024"]
[Source "ChessBase"]
[SourceDate "2023.10.10"]
[SourceVersion "1"]
[SourceVersionDate "2023.10.10"]
[SourceQuality "1"]

1. d4 d5 2. Nf3 Nc6 3. g3 Bg4 4. Bg2 e6 5. 0-0 Nf6 6. c4 Be7 7. Nc3 0-0 8. Ne5 Bh5 9. Nxc6 bxc6 10. Qa4 c5 11. cxd5 cxd4 12. Qxd4 exd5 13. Nxd5 Rb8 14. Nxe7+ Qxe7 15. Bg5 Qxe2 16. Bxf6 gxf6 17. Qxf6 Qxb2 18. Qf4 Qg7 19. Qxc7 Rfc8 20. Qxa7 Rb2 21. a4 Rcc2 22. Qa8+ Qf8 23. Qxf8+ Kxf8 24. a5 Be2 25. Rfc1 Ra2 26. h3 Rxc1+ 27. Rxc1 Rxa5 28. Be4 Kg7 29. Rc7 Ra1+ 30. Kh2 Ra6 31. Bd5 Rf6 32. f4 h6 33. Kg1 Bd1 34. Kf2 Ba4 35. Ke3 Bb5 36. g4 Bf1 37. h4 Bh3 38. g5 hxg5 39. hxg5 Rf5 40. Be6 Rc5 41. Rxc5 Bxe6 42. f5 Bb3 43. Kf4 Ba2 44. Rc7 Kg8 45. Ke5 Bb3 46. Kf6 Ba2 47. Rc8+ Kh7 48. Rf8 Bb3 49. Rxf7+ Bxf7 50. Kxf7 Kh8 51. f6 Kh7 52. g6+ Kh8 53. g7+ Kh7 54. g8Q+ Kh6 55. Qg6# 1-0

[Event "Titled Tuesday intern op 07th Feb Early"]
[Site "Chess.com INT"]
[Date "2023.02.07"]
[Round "2"]
[White "Mamedov, Edgar"]
[Black "Alhadad, Mahmoud"]
[Result "0-1"]
[WhiteElo "2281"]
[BlackElo "1840"]
[PlyCount "62"]
[EventDate "2023.02.07"]
[EventType "swiss (blitz)"]
[EventRounds "11"]
[EventCountry "USA"]
[SourceTitle "EXT 2024"]
[Source "ChessBase"]
[SourceDate "2023.10.10"]
[SourceVersion "1"]
[SourceVersionDate "2023.10.10"]
[SourceQuality "1"]

1. d4 d5 2. Nf3 Nc6 3. g3 Bg4 4. Bg2 e6 5. 0-0 Nf6 6. c4 Be7 7. b3 0-0 8. Bb2 Re8 9. Nbd2 Bf8 10. h3 Bxf3 11. Nxf3 Ne7 12. Ne5 Ng6 13. Rc1 c6 14. cxd5 exd5 15. e3 Nd7 16. Nxg6 hxg6 17. a3 Nf6 18. b4 a6 19. Qb3 Qb6 20. Bc3 Ne4 21. Rb1 Rac8 22. a4 Nxc3 23. Qxc3 Qd8 24. b5 cxb5 25. axb5 Rxc3 26. bxa6 bxa6 27. Ra1 Qd6 28. Ra5 Rec8 29. Rxd5 Qf6 30. Rd7 R8c7 31. Rd5 Rc1 0-1